00790nam a2200205 a 450000100100000000500170001000800410002702000150006804000250008308200150010810000270012324500650015026000690021530000200028449000120030483000190031695201130033595201190044899900170056700003764720201002031110.0121023s2008 pr 000 0 spa d a1934630713 aDO-SdBNPbspacBNPHU axxxbN841v1 aNoriega, Carlos96034710aVagabundo del mar :bpoemario (2000-2007) /cCarlos Noriega. aSan Juan, Puerto Rico :bPublicaciones Puertorriqueñas,c2008. a77 p. ;c21 cm.1 aGuajana 0aGuajana955960 001050718MOaGRbGRcHDd2012-10-23iLF1l0oxxx N841vp37647-10r2020-06-25w2020-06-25y1ZNo se presta 001050718MOaGRbGRcHDd2014-02-03iLF1l0oxxx N841vp37647-20r2020-06-25te. 2w2020-06-25y1ZNo se presta c37137d37137